000 00546nam a2200193Ia 4500
005 20250326143516.0
008 250326s9999 xx 000 0 und d
020 _a0-471-48644-2
037 _aTextbook
040 _aFMSL
_beng
_cFMSL
041 _aeng
_2eng
084 _aX:51 P1
_qFMSL
100 _aClark H
245 0 _aSmart momentum : future of predictive analysis in the ficial markets
_cClark H
260 _aNew York
_bNew York, John Wiley
_c2001
300 _a92p
942 _cTB
_hX:51 P1
999 _c1299874
_d1299874